000
00310nam a2200145Ia 4500
100
_a
Naim/A.Kheir
250
_a
3
942
_c
BK
366
_f
25
245
_a
Systems Modelling and computer simulation
260
_b
Marcel Dekker
_c
1995
300
_a
729
546
_a
ENGLISH
_c
electronics
999
_c
29722
_d
29722